La argumentacin̤ en el derecho Algunas cuestiones fundamentales /

Detalles Bibliográficos
Autor principal: Gascn̤ Abellǹ, Marina
Otros Autores: Garca̕ Figueroa, Alfonso J.
Formato: eBook
Lenguaje:español
Publicado: [Mx̌ico] : Palestra Editores, 2003.
Materias:
Acceso en línea:Acceso restringido

MARC

LEADER 00000nam a22000007a 4500
005 20110905100837.0
008 110905t2003 mx ||||s|||| 00| 0 spa d
020 |a 9972-733-47-5 
035 |a 5641 
040 |a vLex 
090 |c 2362  |d 2362 
100 1 |a Gascn̤ Abellǹ, Marina 
245 1 3 |a La argumentacin̤ en el derecho  |h [Recurso eleectrn̤ico] :  |b Algunas cuestiones fundamentales /  |c Marina Gascn̤ Abellǹ; Alfonso J. Garca̕ Figueroa 
256 |a Servicio en ln̕ea. 
260 |a [Mx̌ico] :  |b Palestra Editores,  |c 2003. 
300 |a 1 recurso electrn̤ico 
500 |a El libro desarrolla las ml︢tiples dimensiones que confluyen en el estudio del razonamiento jurd̕ico. Se sita︢ la argumentacin̤ en base a dos contextos: el jurd̕ico-polt̕ico y el ter̤ico. Se desarrolla adems̀ los problemas y soluciones que surgen en el raz̕. 
506 1 |a Contenido solo disponible en los productos indicados  |d vLex Global  |d vLex Global (Academic Edition, excluding Law Schools)  |d vLex Global (U.S. Academic Edition, Law Schools)  |d vLex Global (U.S. Academic Edition, excluding Law Schools)  |d vLex Global (Academic Edition, Law Schools) 
650 0 4 |a Derecho  |z Mx̌ico 
700 1 |a Garca̕ Figueroa, Alfonso J. 
740 0 |a vLex Libros (Servicio en ln̕ea) 
856 4 0 |u http://vlex.com/source/argumentacion-derecho-cuestiones-fundamentales-5641  |z Acceso restringido 
942 |c BOOK